| 000 | 00365nam a22001457a 4500 | ||
|---|---|---|---|
| 020 | _qHB. | ||
| 040 | _cFIZZA ISHAQ | ||
| 082 |
_a331.0973 _bGOR |
||
| 100 |
_aBLOOM,F.GORDON. _9134373 |
||
| 245 |
_aECONOMICS OF LABOR RELATIONS / _cGORDON F.BLOOM. |
||
| 250 | _a8th ED. | ||
| 260 |
_aNEW YORK ; _bIRWIN, _c1950. |
||
| 300 |
_a746 P. ; _c9.6X6.4IN |
||
| 942 |
_2ddc _cBK |
||
| 999 |
_c617351 _d617351 |
||